000 00411nam a2200145 a 4500
005 20140310183340.0
008 070330s19uu xx 00 eng d
020 _a1-85828-607-7
100 _aLEXUS, compiled by
245 _aMandarin Chinese :
_bthe rough guide dictionary phrasebook.
260 _aLondon :
_bLexus Ltd,
_c1999.
300 _a288
650 _aSpoken Chinese language
_xMandarin.
942 _cBK
999 _c21792
_d21792